000 01491nam a2200253 i 4500
001 164900
003 ES-MaACL
005 20250901102126.0
008 021010s1899 it |||| | ita d
040 _aCCPB | B
_bspa
_cCCPB | B
100 1 _aScherzer, Karl.
_9132543
245 1 3 _aLa vita economica dei popoli
_b: manuale di geografia commerciale /
_cdel dottore Carlo de Scherzer ; traduzione ... del dottore A. Roncali ; prefazione Formazione, struttura e vita del commercio del professore S. Cognetti de Martiis. La teorica dei cambi esteri / di Giorgio I. Goschen. Le fedi di deposito e le note di pegno (warrants) / pel Dott. Felice Hecht. Il nostro sistema di compensazione e le stanze di compensazione / per Arturo Crump. La riforma delle borse in Germania / di F. J. Pfleger e L. Gschwindt. Corsi dei cambi, monete, misure e pesi delle principali piazze del mondo.
260 _aTorino :
_bUnione Tipografico-Editrice Torinese,
_c1899.
300 _a2 v. (CXLIV, 687 ; 697 p.) ;
_c24 cm.
490 1 _aBiblioteca dell'economista : scelta collezione delle più importanti produzioni di economia politica antiche e moderne, italiane e straniere. Quarta serie ;
_v2
650 7 _aEconomía
_2embne
_912006
650 4 _aPolítica económica.
_916293
650 7 _aComercio
_2embne
_911157
700 1 _aRoncali, A.
_9132047
830 0 0 _aBiblioteca dell economista
_v2
_9188577
852 _aES-MaACL
_jB-8990-91
_z-- Enc. hol.
999 _c164900
_d164900